[Event "Sibiria Region-ch"]
[Site "Irkutsk"]
[Date "2009.05.13"]
[Round "5"]
[White "Oganisjan, Roman"]
[Black "Ruzhkovich, Andrey"]
[Result "1/2-1/2"]
[WhiteElo "2285"]
[BlackElo "2204"]
[PlyCount "59"]
[EventDate "2009.05.10"]
[EventType "swiss"]
[EventRounds "9"]
[EventCountry "RUS"]
[SourceTitle "CBM 130 Extra"]
[Source "ChessBase"]
[SourceDate "2009.07.02"]
[SourceVersion "2"]
[SourceVersionDate "2009.07.15"]
[SourceQuality "1"]

1. d4 Nf6 2. c4 e6 3. Nf3 d5 4. Nc3 c6 5. Qc2 Bb4 6. e3 Nbd7 7. Bd2 Bd6 8. e4 Nxe4 9. Nxe4 dxe4 10. Qxe4 Qe7 11. Bc3 Bb4 12. Qc2 Bxc3+ 13. Qxc3 0-0 14. Bd3 b6 15. 0-0-0 Bb7 16. Rhe1 Qf6 17. Be4 Rab8 18. Qe3 Rfd8 19. g4 Qh6 20. Qxh6 gxh6 21. Ne5 Rbc8 22. Re3 Rc7 23. Red3 Kg7 24. Kc2 Nxe5 25. dxe5 Rxd3 26. Rxd3 c5 27. Bxb7 Rxb7 28. Rd6 Kg6 29. f4 h5 30. h3 1/2-1/2

[Event "Sibiria Region-chT"]
[Site "Kemerovo"]
[Date "2007.12.10"]
[Round "4"]
[White "Zablotsky, Sergei"]
[Black "Ruzhkovich, Andrey"]
[Result "1-0"]
[WhiteElo "2518"]
[BlackElo "2194"]
[PlyCount "103"]
[EventDate "2007.12.07"]
[EventType "team"]
[EventRounds "7"]
[EventCountry "RUS"]
[SourceTitle "CBM 122 Extra"]
[Source "ChessBase"]
[SourceDate "2008.03.04"]
[SourceVersion "1"]
[SourceVersionDate "2008.03.04"]
[SourceQuality "1"]

1. Nf3 d5 2. g3 Bg4 3. Bg2 Nd7 4. c4 c6 5. cxd5 cxd5 6. Qa4 Bxf3 7. Bxf3 Ngf6 8. Nc3 e6 9. g4 a6 10. g5 b5 11. Qf4 b4 12. Na4 Ng8 13. b3 Qb8 14. Qxb8+ Rxb8 15. Bb2 f6 16. Rc1 Ne7 17. Rc7 Kd8 18. Ra7 Nc6 19. Rxa6 Kc7 20. 0-0 Kb7 21. Rxc6 Kxc6 22. e4 Ne5 23. exd5+ exd5 24. Be2 Bd6 25. Rc1+ Kd7 26. f4 Ng6 27. Bg4+ Ke7 28. Re1+ Kd8 29. gxf6 Re8 30. Rxe8+ Kxe8 31. fxg7 Kf7 32. Bf5 Bxf4 33. Nc5 Ne7 34. Be6+ Kg6 35. Nd7 Ra8 36. Bf6 Bxd2 37. Bxe7 Kxg7 38. Bxd5 Rxa2 39. Nf6 Ra7 40. Ne8+ Kg6 41. Bd6 Ra2 42. Nc7 Kf5 43. Nb5 Bc3 44. Kf1 h5 45. h3 Rd2 46. Bf3 h4 47. Be7 Rb2 48. Bd5 Rh2 49. Bg2 Be5 50. Bxb4 Kf4 51. Be1 Kg5 52. Bf2 1-0

[Event "Sibiria Region-chT"]
[Site "Kemerovo"]
[Date "2007.12.09"]
[Round "3"]
[White "Nevostrujev, Vladimir"]
[Black "Ruzhkovich, Andrey"]
[Result "1-0"]
[WhiteElo "2469"]
[BlackElo "2194"]
[PlyCount "127"]
[EventDate "2007.12.07"]
[EventType "team"]
[EventRounds "7"]
[EventCountry "RUS"]
[SourceTitle "CBM 122 Extra"]
[Source "ChessBase"]
[SourceDate "2008.03.04"]
[SourceVersion "1"]
[SourceVersionDate "2008.03.04"]
[SourceQuality "1"]

1. Nf3 Nf6 2. c4 g6 3. d4 d6 4. Nc3 Bg7 5. g3 0-0 6. Bg2 Nbd7 7. 0-0 c6 8. d5 cxd5 9. cxd5 Nc5 10. Be3 Bd7 11. Bd4 b5 12. b4 Nce4 13. Nxe4 Nxe4 14. Bxg7 Kxg7 15. Nd4 Nf6 16. Qd2 Qb6 17. Rfc1 Rac8 18. e3 Ng4 19. Nc6 Bxc6 20. dxc6 Nf6 21. Qd4 Qxd4 22. exd4 d5 23. Bf1 Rc7 24. Bxb5 Rb8 25. a4 Rb6 26. Rc5 e6 27. f3 Kf8 28. a5 Rb8 29. Rb1 Ke7 30. Ba4 a6 31. b5 axb5 32. Rcxb5 Ra8 33. Rb8 Rxa5 34. R1b7 Ne8 35. Bb3 Ra3 36. Rc8 Rxb7 37. cxb7 Rxb3 38. b8Q Rxb8 39. Rxb8 Nd6 40. g4 Kf6 41. Kf2 h6 42. Rg8 Nb5 43. Ke3 Nd6 44. h4 Nc4+ 45. Kf4 Nb2 46. Ke3 Nc4+ 47. Kd3 Nd6 48. Rh8 Nc4 49. Rh7 Nb2+ 50. Ke2 Nc4 51. h5 Nd6 52. f4 Ne4 53. Ke3 g5 54. Kf3 Nd2+ 55. Ke2 Ne4 56. Ke3 Nd6 57. Rxh6+ Kg7 58. fxg5 Ne4 59. Kf4 Nc3 60. Rf6 Ne4 61. h6+ Kg8 62. h7+ Kxh7 63. Rxf7+ Kg6 64. Rf6+ 1-0

[Event "Sibiria Region-chT"]
[Site "Kemerovo"]
[Date "2007.12.07"]
[Round "1"]
[White "Mikhalchenko, Petr"]
[Black "Ruzhkovich, Andrey"]
[Result "1-0"]
[WhiteElo "2286"]
[BlackElo "2194"]
[PlyCount "127"]
[EventDate "2007.12.07"]
[EventType "team"]
[EventRounds "7"]
[EventCountry "RUS"]
[SourceTitle "CBM 122 Extra"]
[Source "ChessBase"]
[SourceDate "2008.03.04"]
[SourceVersion "1"]
[SourceVersionDate "2008.03.04"]
[SourceQuality "1"]

1. d4 Nf6 2. Nf3 e6 3. Bf4 c5 4. e3 Nc6 5. Nbd2 Be7 6. h3 cxd4 7. exd4 b6 8. Nc4 d6 9. c3 Bb7 10. a4 Qc7 11. Bd3 h6 12. Qe2 Nb8 13. Bh2 Nbd7 14. 0-0 0-0 15. Nfd2 Rfe8 16. Rfe1 Qc6 17. Qf1 Rad8 18. Na3 Ra8 19. Bb5 Qc8 20. Ndc4 a6 21. Bxd7 Nxd7 22. Bxd6 Qc6 23. Bxe7 Rxe7 24. a5 b5 25. Ne5 Nxe5 26. Rxe5 Rd7 27. Nc2 Rd5 28. Nb4 Qc7 29. Nxd5 Bxd5 30. Qd3 Rc8 31. Qg3 Qc4 32. Ra3 f5 33. Re3 Rf8 34. Qf4 Kh7 35. h4 Rf6 36. h5 g5 37. Qd6 Rf7 38. f4 Rg7 39. b3 Qc8 40. Rg3 Qe8 41. fxg5 hxg5 42. h6 Kxh6 43. Rh3+ Kg6 44. Qh2 Qc6 45. Rh6+ Kf7 46. Qe5 Kg8 47. Qb8+ Kf7 48. Qd8 Rg6 49. Rh8 Rg7 50. c4 Be4 51. Rh6 Rg6 52. Rh7+ Rg7 53. Rxg7+ Kxg7 54. Qxg5+ Kf7 55. b4 Qd6 56. Qh5+ Kf6 57. Qh8+ Kf7 58. Rh3 f4 59. cxb5 Qxb4 60. Qe5 Qb1+ 61. Kh2 f3 62. Rxf3+ Bf5 63. d5 Ke7 64. Rxf5 1-0

[Event "RUS-chT (club)"]
[Site "Novokuznetsk"]
[Date "1999.??.??"]
[Round "?"]
[White "Arkhipov, Sergey"]
[Black "Ruzhkovich, Andrey"]
[Result "1-0"]
[WhiteElo "2518"]
[BlackElo "2269"]
[PlyCount "67"]
[EventDate "1999.??.??"]
[EventType "team"]
[EventRounds "11"]
[EventCountry "RUS"]
[SourceTitle "EXT 2001"]
[Source "ChessBase"]
[SourceDate "2000.11.22"]
[SourceVersion "1"]
[SourceVersionDate "2000.11.22"]
[SourceQuality "1"]

1. d4 Nf6 2. c4 g6 3. Nc3 d5 4. cxd5 Nxd5 5. e4 Nxc3 6. bxc3 Bg7 7. Nf3 c5 8. Rb1 0-0 9. Be2 cxd4 10. cxd4 Qa5+ 11. Bd2 Qxa2 12. 0-0 Qe6 13. Qc2 Qc6 14. Qd3 Bg4 15. Bf4 Qd7 16. d5 a5 17. Qa3 e6 18. Bb5 Qd8 19. Ne5 g5 20. Bg3 Bh5 21. dxe6 fxe6 22. Bc4 Nc6 23. Bxe6+ Kh8 24. Nd7 Re8 25. Bf5 b5 26. Rxb5 Be2 27. Rc5 Bxf1 28. Rxc6 Bb5 29. Qf3 Qe7 30. Qh5 Bf6 31. Rxf6 Bxd7 32. Be5 Kg8 33. Qxg5+ Qg7 34. Rf8+ 1-0

[Event "RUS-chT (club)"]
[Site "Novokuznetsk"]
[Date "1999.??.??"]
[Round "?"]
[White "Ruzhkovich, Andrey"]
[Black "Lobanov, Evgeny Vasilievich"]
[Result "0-1"]
[WhiteElo "2269"]
[BlackElo "2152"]
[PlyCount "78"]
[EventDate "1999.??.??"]
[EventType "team"]
[EventRounds "11"]
[EventCountry "RUS"]
[SourceTitle "EXT 2001"]
[Source "ChessBase"]
[SourceDate "2000.11.22"]
[SourceVersion "1"]
[SourceVersionDate "2000.11.22"]
[SourceQuality "1"]

1. e4 d5 2. exd5 Nf6 3. d4 Nxd5 4. Nf3 g6 5. c4 Nb6 6. Nc3 Bg7 7. c5 Nd5 8. Qb3 c6 9. Bc4 0-0 10. 0-0 Nxc3 11. bxc3 b5 12. cxb6 axb6 13. Re1 e6 14. Ng5 c5 15. dxc5 bxc5 16. Ne4 Nc6 17. Bb5 Na5 18. Qc2 Qc7 19. Be3 c4 20. Rad1 Bb7 21. f3 Qe5 22. Nd6 Qxc3 23. Qf2 Bd5 24. Rc1 Qf6 25. Nxc4 Rfb8 26. Nb6 Rxb6 27. Bxb6 Nb7 28. a4 Nd6 29. Bc6 Bxc6 30. Rxc6 Nf5 31. Qc2 h5 32. Rc8+ Rxc8 33. Qxc8+ Kh7 34. a5 h4 35. a6 h3 36. Qc2 hxg2 37. Qxg2 Qc3 38. Rd1 Qb3 39. Qh3+ Bh6 0-1

[Event "RUS-chT (club)"]
[Site "Novokuznetsk"]
[Date "1999.??.??"]
[Round "?"]
[White "Ruzhkovich, Andrey"]
[Black "Salinnikov, Denis Y"]
[Result "0-1"]
[WhiteElo "2269"]
[BlackElo "2484"]
[PlyCount "90"]
[EventDate "1999.??.??"]
[EventType "team"]
[EventRounds "11"]
[EventCountry "RUS"]
[SourceTitle "EXT 2001"]
[Source "ChessBase"]
[SourceDate "2000.11.22"]
[SourceVersion "1"]
[SourceVersionDate "2000.11.22"]
[SourceQuality "1"]

1. d4 Nf6 2. c4 g6 3. Nc3 Bg7 4. e4 d6 5. Nf3 0-0 6. Be2 e5 7. 0-0 Nc6 8. d5 Ne7 9. b4 Nh5 10. Re1 a5 11. bxa5 Rxa5 12. Nd2 Nf4 13. Bf1 c5 14. Nb3 Ra6 15. a4 f5 16. g3 Nh5 17. exf5 Nxf5 18. Ne4 Nf6 19. Bg2 Nxe4 20. Rxe4 Bd7 21. a5 b5 22. cxb5 Bxb5 23. Bf1 Bxf1 24. Qxf1 Qa8 25. Re1 Ra7 26. Qc4 Rb8 27. Ba3 Rab7 28. Rab1 Nd4 29. Re3 Bh6 30. Rd3 Rb4 31. Bxb4 Rxb4 32. Rxd4 exd4 33. Qf1 Bg7 34. a6 c4 35. Na5 Rxb1 36. Qxb1 Qxa6 37. Qb8+ Bf8 38. Nc6 d3 39. Qb2 Qa4 40. Qf6 d2 41. Qe6+ Kg7 42. Nd8 d1Q+ 43. Kg2 Qa7 44. Qe4 Qd2 45. Qf3 Qe7 0-1